000
00317nam a22001457a 4500
008
231124b ||||| |||| 00| 0 eng d
020
_a
9780691029511
041
_a
eng
080
_a
94
082
_a
94DRE
100
_a
28
101
_a
HISTOR
245
_a
THE COMING OF THE GREEKS
_c
DREWS .R
942
_2
udc
_c
BK
999
_c
60505
_d
60505